"A Storm of Swords" POV's - Statistics

General Stats
  • This quiz has been taken 35 times
  • The average score is 9 of 12
Answer Stats
Status at the end of the book Character % Correct
Alive; at Saltpans Princess Arya Stark
100%
Alive; at the Eyrie Princess Sansa Stark
96%
Alive; at Castle Black Jon Snow
92%
Alive; at King's Landing Tyrion Lannister
88%
Alive; at the Nightfort Prince Bran Stark
85%
Alive; at King's Landing Ser Jaime Lannister
85%
Undead; at Oldstones Lady Catelyn Tully
81%
Alive; at Meereen Princess Daenerys Targaryen
81%
Alive; at Castle Black Samwell Tarly
81%
Alive; at Eastwatch-by-the-Sea Ser Davos Seaworth
81%
Undead; in the haunted forest Chett
38%
Deceased; at Oldstones Merrett Frey
31%
No matching quizzes found
Score Distribution
Percent of People with Each Score
Percentile by Number Answered
Your Score History
You have not taken this quiz